| 000 | 00460nam a2200169Ia 4500 | ||
|---|---|---|---|
| 003 | 0 | ||
| 005 | 20250329151340.0 | ||
| 008 | 171205s9999 xx 000 0 und d | ||
| 020 | _a978-621-8029-16-3 | ||
| 050 |
_aHF 5635 _b .M55 2020 |
||
| 100 | _aMillan, Zeus Vernon | ||
| 245 |
_aIntermediate accounting 1A _cZeus Vernon Millan |
||
| 260 |
_bBandolin enterprises _cC2020 _aBaguio City |
||
| 300 |
_a689pp. _c23cm |
||
| 500 | _aAccounting. | ||
| 942 |
_2lcc _cBK |
||
| 999 |
_c347434 _d347434 |
||